Пропуск в контексте

Оптимизация систем управления по минимаксному критерию

В книге рассматриваются прикладные задачи управления в условиях неопределённости, вызванной внешними возмущающими воздействиями и неточным измерением состояния объекта. Обсуждаются методы анализа поведения управляемой системы при экстремальных (самых неблагоприятных) возмущениях. Предлагаются способ...

Полное описание

Сохранить в:
Библиографические подробности
Главный автор: Кейн В. М.
Формат: Книга
Язык:Russian
Опубликовано: Санкт-Петербург СПБГУ ГА им. А.А. Новикова 1985
Online-ссылка:https://e.lanbook.com/book/145780
https://e.lanbook.com/img/cover/book/145780.jpg
Метки: Добавить метку
Нет меток, Требуется 1-ая метка записи!
LEADER 02209nam0a2200241 i 4500
001 145780
003 RuSpLAN
005 20221220174053.0
008 221220s1985 ru gs 000 0 rus
040 |a RuSpLAN 
041 0 |a rus 
044 |a ru 
080 |a 62-50 
245 0 0 |a Оптимизация систем управления по минимаксному критерию  |c Кейн В. М. 
260 |a Санкт-Петербург  |b СПБГУ ГА им. А.А. Новикова  |c 1985 
300 |a 248 с. 
504 |a Библиогр.: доступна в карточке книги, на сайте ЭБС Лань 
520 8 |a В книге рассматриваются прикладные задачи управления в условиях неопределённости, вызванной внешними возмущающими воздействиями и неточным измерением состояния объекта. Обсуждаются методы анализа поведения управляемой системы при экстремальных (самых неблагоприятных) возмущениях. Предлагаются способы оценки гарантированной точности управления при определенных ограничениях на возмущающие воздействия. Рассматриваются методы синтеза управления, обеспечивающего потенциально достижимую точность в условиях экстремальных возмущений. Приводятся многочисленные примеры решения практических задач. Книга предназначена для специалистов в области теории систем управления. 
521 8 |a Книга из коллекции СПБГУ ГА им. А.А. Новикова - Математика 
100 1 |a Кейн В. М. 
856 4 |u https://e.lanbook.com/book/145780 
856 4 8 |u https://e.lanbook.com/img/cover/book/145780.jpg 
953 |a https://e.lanbook.com/img/cover/book/145780.jpg